[Event "EICC 2021"]
[Site "Reykjavik"]
[Date "2021.09.03"]
[Round "9.27"]
[White "Bluebaum, Matthias"]
[Black "Kobo, Ori"]
[Result "1-0"]
[WhiteElo "2674"]
[BlackElo "2490"]
[Annotator "TA"]
[PlyCount "133"]
[EventDate "2021.08.26"]
[EventType "swiss"]
[EventCountry "ISL"]
[Tiebreak "Cut1 Buchholz"]
[SourceTitle "playchess.com"]
[Source "ChessBase"]
[SourceQuality "1"]

{[%evp 9,133,0,13,0,0,-4,0,0,0,-4,4,6,8,9,16,5,50,14,23,18,41,39,92,92,75,72,
58,60,99,91,86,97,101,86,72,80,92,91,86,93,82,82,85,88,148,137,133,141,140,137,
169,147,156,153,167,149,173,163,169,166,167,171,158,157,176,166,201,168,152,
118,136,118,131,68,68,77,100,105,94,103,98,95,93,109,106,97,109,104,100,105,
108,98,200,198,180,183,165,165,207,193,183,199,186,199,183,109,122,100,100,123,
95,95,182,185,183,177,202,132,169,164,5612,5346,2213,1784,993,878]} 1. Nf3 Nf6
2. d4 g6 3. Nc3 d5 4. Bf4 Bg7 5. e3 O-O 6. Nb5 {D00: 1 d4 d5: Unusual lines.}
Na6 7. h3 c6 8. Nc3 {The position is equal.} Nc7 9. Be2 Re8 10. O-O Nd7 11. e4
{[#]} dxe4 $146 ({Predecessor:} 11... e5 12. dxe5 Nxe5 13. exd5 Nxd5 14. Nxd5
Qxd5 15. Qxd5 cxd5 16. Bxe5 Bxe5 17. Bb5 Re6 18. Nxe5 Rxe5 {1-0 (59) Lubbe,N 
(2449)-Engers,F (2117) Erfurt 2018}) 12. Nxe4 Nf6 13. Nc5 b6 14. Nb3 Ne6 15.
Bh2 Bh6 ({Black should play} 15... a5 $14) 16. Ne5 $16 Bb7 17. Bc4 Nd5 18. Re1
Bf4 19. Bxf4 Nexf4 20. Qf3 Rf8 21. Bxd5 Nxd5 22. c4 Nf6 23. Nxc6 Bxc6 24. Qxc6
Rc8 25. Qb5 e6 26. Rac1 Ne8 (26... Qd6 $142) 27. Qe5 Nd6 28. Nd2 {[%cal Bb3d2,
Bd2f3,Bf3g5,Bg5e4,Be4c5][%mdl 32]} Nf5 29. Nf3 Qd7 30. b3 Rfd8 {[%cal Rf5d4]}
31. Rcd1 Qb7 32. Ng5 Qc7 {[#]} 33. Qf6 Rd7 {intending ...Qd8.} 34. g4 Ng7 35.
Ne4 Ne8 36. Qf3 Rcd8 37. Qe3 a6 38. Rd3 b5 39. Nc5 Rd6 40. Red1 Rc6 41. cxb5 (
41. Qe2 $16) 41... axb5 $14 42. Ne4 Qa7 43. d5 Qxe3 44. fxe3 ({Don't play} 44.
Rxe3 exd5 45. Ng5 h6 $11) 44... exd5 45. Rxd5 Rxd5 46. Rxd5 $16 {[%mdl 4096]
Endgame KRN-KRN} Re6 47. Ng5 Rxe3 48. Rxb5 f6 {[#]} 49. Kf2 $1 Rc3 {[#]} 50.
Rb8 $1 Kf8 (50... Rc2+ $16 51. Kf1 fxg5) 51. Ne4 $18 Rc2+ 52. Ke3 Ke7 53. Rb7+
Ke6 54. a4 (54. Rxh7 $6 Rxa2 55. Kd4 Ra1 $16) 54... f5 55. Rb6+ ({Not} 55. Rxh7
fxe4 56. Kxe4 Rb2 $11) 55... Kd7 56. gxf5 gxf5 57. Nf2 ({Better is} 57. Ng5 $18
) 57... Nc7 $16 {Strongly threatening ...Nd5+.} 58. Rh6 {aiming for Nd3.} Rc3+
59. Nd3 {Black must now prevent Kd4.} Rxb3 {[#]} 60. Kd4 $1 {Threatens to win
with Nc5+.} Rb1 (60... Ke8 $16) 61. Ke5 $18 ({Don't take} 61. Rxh7+ $6 Kd6 $16)
61... Rd1 62. Rxh7+ Kd8 63. Nb4 f4 64. Nc6+ Ke8 $2 (64... Kc8 65. Kxf4 Ne6+ 66.
Kg4 Nd4) 65. Rxc7 {White is clearly winning.} f3 66. Ke6 {Threatening mate
with Rc8+.} Re1+ 67. Ne5 {[%cal Rc7c8] Weighted Error Value: White=0.07/
Black=0.12} 1-0

[Event "EICC 2021"]
[Site "Reykjavik"]
[Date "2021.09.03"]
[Round "9.28"]
[White "Abasov, Nijat"]
[Black "Maurizzi, Marc Andria"]
[Result "1/2-1/2"]
[WhiteElo "2656"]
[BlackElo "2488"]
[Annotator "TA"]
[PlyCount "88"]
[EventDate "2021.08.26"]
[EventType "swiss"]
[EventCountry "ISL"]
[Tiebreak "Cut1 Buchholz"]
[SourceTitle "playchess.com"]
[Source "ChessBase"]
[SourceQuality "1"]

{[%evp 9,88,0,0,0,0,0,0,0,0,-11,0,-34,51,49,58,61,64,58,52,57,51,57,58,53,75,
67,68,67,77,68,64,64,58,57,81,46,45,50,52,18,243,238,238,238,238,238,263,142,
238,238,238,231,235,235,246,83,256,254,254,254,256,256,256,256,264,264,278,278,
271,271,271,278,278,278,278,278,278,278,278,278,285]} 1. d4 d5 2. Nf3 Nf6 3.
Bf4 c5 4. e3 Nc6 5. Nbd2 Qb6 6. dxc5 {D02: 1 d4 d5 2 Nf3 sidelines, including
2...Nf6 3 g3 and 2...Nf6 3 Bf4.} Qxb2 7. Rb1 Qc3 8. Bb5 {The position is equal.
} e6 9. O-O Be7 $1 10. e4 {[#] Hoping for exd5.} Qxc5 $146 (10... O-O $15) ({
Predecessor:} 10... O-O 11. e5 Nd7 12. Nb3 Qb4 13. Nfd4 Nxd4 14. Nxd4 Qxc5 15.
Re1 a6 16. Bd3 g6 {1/2-1/2 (34) Firouzja,A (2759)-So,W (2770) chess24.com INT
2021}) 11. Be3 $36 {[%mdl 2048] White is more active.} Qa3 12. Ne5 $1 {[%cal
Re5c6]} O-O 13. Nxc6 bxc6 14. Bxc6 Ba6 15. e5 Ne4 {[%cal Re4c3]} 16. Nxe4 {
aiming for Rb3.} dxe4 17. Bxa8 ({Reject} 17. Bxe4 Rad8 $11) 17... Bxf1 18. Qxf1
Rxa8 19. Qc4 Qa5 20. Qxe4 Rd8 21. a4 h6 22. h3 Bc5 23. Bxc5 Qxc5 {[%mdl 4096]
Endgame KQR-KQR} 24. Rb7 Qd4 $2 {White now steadily converts the win.} (24...
a6 $11) 25. Qxd4 $18 Rxd4 26. Rxa7 {KR-KR} Rc4 27. a5 {[%cal Ba4a5,Ba5a6,Ba6a7]
[%mdl 32]} Rxc2 28. f4 (28. a6 $18) 28... h5 (28... Rc4 $16 29. g3 Ra4) 29. a6
Ra2 30. g3 Kh7 {[#]} 31. Ra8 $1 ({Resist} 31. Rxf7 $6 Rxa6 32. h4 Kg8 $16)
31... Ra3 {[#]} 32. Kf2 (32. g4 $1 $18 {and the rest is easy.}) 32... Ra2+ $2 (
32... h4 $16) 33. Ke1 {White has a decisive advantage.} Ra3 34. a7 g6 35. Kd2
Kg7 36. Kc2 Ra6 37. Kc3 Ra1 38. Kc4 Rc1+ 39. Kb5 Rb1+ 40. Kc6 Rc1+ 41. Kd6 Rd1+
42. Ke7 Ra1 43. g4 hxg4 44. hxg4 Ra4 {[%mdl 32768] Weighted Error Value:
White=0.12/Black=0.19. An unexpected result.} 1/2-1/2

[Event "EICC 2021"]
[Site "Reykjavik"]
[Date "2021.09.03"]
[Round "9.29"]
[White "Banusz, Tamas"]
[Black "Gavrilescu, David"]
[Result "1-0"]
[WhiteElo "2631"]
[BlackElo "2477"]
[Annotator "TA"]
[PlyCount "99"]
[EventDate "2021.08.26"]
[EventType "swiss"]
[EventCountry "ISL"]
[Tiebreak "Cut1 Buchholz"]
[SourceTitle "playchess.com"]
[Source "ChessBase"]
[SourceQuality "1"]

{[%evp 9,99,0,16,20,14,0,0,0,0,0,0,0,0,0,0,9,14,4,0,0,0,0,25,10,15,-35,-42,-42,
-43,-53,-50,-66,-64,-200,-157,-143,13,13,20,9,33,16,274,23,27,39,68,71,72,67,
98,59,110,50,66,50,64,103,317,295,276,277,279,150,245,257,327,173,199,200,645,
687,704,684,602,688,618,565,979,345,425,319,581,590,576,535,914,857,773,699,
635,547]} 1. d4 d5 2. Nf3 Nf6 3. Bf4 c5 4. e3 Nc6 5. Nbd2 cxd4 6. exd4 {
D02: 1 d4 d5 2 Nf3 sidelines, including 2...Nf6 3 g3 and 2...Nf6 3 Bf4.} Bf5 7.
Bb5 Rc8 8. Ne5 {The position is equal.} Qb6 9. Bxc6+ bxc6 10. Nb3 h6 11. O-O e6
12. c4 Be7 {[#]} 13. c5 $146 ({Predecessor:} 13. Qe2 Qa6 14. Nc5 Bxc5 15. dxc5
O-O 16. g4 Bh7 17. f3 Rfd8 18. Rfe1 dxc4 19. Nxf7 Kxf7 20. Qxe6+ {1-0 (38)
Abasov,N (2665)-Navara,D (2697) Prague 2021}) 13... Qa6 14. Qd2 Bd8 15. f3 O-O
16. g4 Bh7 17. g5 Nh5 {Strongly threatening ...hxg5.} 18. gxh6 Nxf4 19. Qxf4 g5
{[%cal Rg5f4]} 20. Qg3 f6 $1 {[%cal Rf6e5]} 21. f4 fxe5 $19 22. fxg5 Rxf1+ $2 (
22... Rf5 $17 23. h4 (23. g6 $2 Rg5 $19 {[%mdl 64] Double Attack}) 23... Bg6
24. Rxf5 Bxf5 25. Qxe5 Qb7) 23. Rxf1 $11 Qd3 $1 {[%cal Rd3g3] And now ...Qxg3+
would win.} 24. Qxe5 {[%csl Gh6][%cal Re5g7]} Qg6 25. h4 $36 {[%mdl 2048]
White is more active.} Be7 $2 {[%mdl 8192]} (25... Rc7 $11 {and Black is okay.}
) 26. Rf6 $2 Bxf6 27. Qxe6+ {[%mdl 64] Double Attack} Kf8 28. Qxc8+ Kf7 {
With the idea ...Qb1+.} 29. Qc7+ $1 ({Weaker is} 29. Qxc6 Qb1+ 30. Kf2 Qc2+ 31.
Ke1 (31. Kg3 $2 Qd3+ 32. Kf2 Bxd4+ 33. Nxd4 Qxd4+ {[%mdl 64] Double Attack} 34.
Ke1 Qe4+ 35. Kd2 Qd3+ 36. Ke1 Qb1+ 37. Kf2 Qc2+ 38. Kg1 Qd1+ 39. Kf2 Qd4+ 40.
Kg3 Qd3+ 41. Kf2 Qd4+ $19) 31... Qe4+ 32. Kd2 Be7 $17) 29... Be7 30. Qf4+ ({Not
} 30. Qxa7 $2 Qe4 $19) 30... Ke8 31. Nd2 ({White should play} 31. Kf2 $1 $16)
31... Qh5 32. Kf2 {Black must now prevent Qb8+.} Qd1 33. b4 Bd3 $2 (33... a6
$16 34. Nf3 Be4) 34. Qe3 $18 Bf5 35. Nf3 Be4 36. Kg3 ({White should try} 36.
Qe2 $18 Qc1 37. Kg3) 36... Qh1 (36... Qf1 $16 {might work better.} 37. a3 a6)
37. Qf2 Bf5 38. Qg2 (38. Qg1 $142 Qh3+ 39. Kf2) 38... Qd1 {[#] intending ...
Be4.} 39. Qd2 $1 {[%cal Rd2d1]} Qh1 {[#]} (39... Qf1) 40. Qf4 $1 {[%cal Rf4f5]}
Qh3+ 41. Kf2 Be4 42. Qb8+ Bd8 43. Qg3 Qh1 44. Nd2 $2 (44. h7 Bxh7 45. Qe5+ Kf8
46. Qh8+ Bg8 47. Qh6+ {[%mdl 64] Double Attack} Ke8 48. Qxc6+ Ke7 49. Qd6+ Ke8
50. c6) 44... Bg6 {and the idea ...Qd1 leaves Black hopeful.} 45. Qg4 {Nf3 is
the strong threat.} Qh2+ $2 (45... Qc1) 46. Ke3 {Threatens to win with Qe6+.
White is clearly winning.} Ke7 {Black wants to play ...Bc7.} 47. Qf4 Qh3+ 48.
Nf3 {Hoping for Qf6+.} Be4 49. h7 Bxh7 50. Qf6+ {White used his chance. 
Weighted Error Value: White=0.35/Black=0.43} 1-0

[Event "EICC 2021"]
[Site "Reykjavik"]
[Date "2021.09.03"]
[Round "9.30"]
[White "Paravyan, David"]
[Black "Petenyi, Tamas"]
[Result "1-0"]
[WhiteElo "2631"]
[BlackElo "2463"]
[Annotator "TA"]
[PlyCount "61"]
[EventDate "2021.08.26"]
[EventType "swiss"]
[EventCountry "ISL"]
[Tiebreak "Cut1 Buchholz"]
[SourceTitle "playchess.com"]
[Source "ChessBase"]
[SourceQuality "1"]

{[%evp 9,61,30,33,35,37,33,26,24,37,36,33,45,38,18,56,57,133,119,123,95,95,97,
107,96,90,88,74,92,72,58,72,72,45,70,184,174,194,172,189,173,799,785,29985,
29986,29988,29989,29989,29990,29989,29990,29990,29991,29994,29995]} 1. d4 g6 2.
e4 Bg7 3. c4 e6 4. Nc3 Ne7 5. f4 d5 {With the idea ...dxe4.} 6. cxd5 {A40:
Unusual replies to 1 d4.} exd5 7. e5 O-O 8. Nf3 {White has an edge.} f6 9. Be2
fxe5 {[#]} 10. dxe5 $146 ({Predecessor:} 10. Nxe5 Nbc6 11. O-O Nf5 12. Bf3
Ncxd4 13. Bxd5+ Be6 14. Bxb7 Rb8 15. Be4 c5 16. Rf2 {0-1 (30) Dragomarezkij,E 
(2375)-Afanasiev,N (2519) Moscow 2020}) 10... c5 11. Nb5 Nf5 12. g4 Nh4 {[#]} (
12... Ne7 $14) 13. O-O $1 $16 Bxg4 14. Nxh4 Bxe2 15. Qxe2 {Strongly
threatening Qg4.} Qxh4 16. Nc7 Nc6 17. Nxa8 Rxa8 18. Qg2 Rd8 19. Kh1 Qh5 20. f5
$36 {[%mdl 2048] White is really pushing.} Bxe5 21. Bf4 Bxf4 ({Better is} 21...
d4 $1 $14) 22. Rxf4 $18 g5 23. Re1 {[%mdl 1024] White has strong compensation.}
h6 24. f6 Kf7 $2 (24... d4 25. Rf5 c4) 25. Rff1 {Black must now prevent Qc2.}
Qh4 26. Qc2 {White mates.} Rh8 27. Qf5 Qc4 28. Qd7+ {[%mdl 64] [#] Double
Attack} Kg6 29. Qg7+ {[%mdl 64] Double Attack} Kh5 30. Qxh8 d4 31. Qe8+ {
Weighted Error Value: White=0.04/Black=0.47} 1-0

[Event "EICC 2021"]
[Site "Reykjavik"]
[Date "2021.09.03"]
[Round "9.31"]
[White "Vogel, Roven"]
[Black "Bartel, Mateusz"]
[Result "1/2-1/2"]
[WhiteElo "2441"]
[BlackElo "2611"]
[Annotator "TA"]
[PlyCount "141"]
[EventDate "2021.08.26"]
[EventType "swiss"]
[EventCountry "ISL"]
[Tiebreak "Cut1 Buchholz"]
[SourceTitle "playchess.com"]
[Source "ChessBase"]
[SourceQuality "1"]

{[%evp 12,141,16,20,20,2,48,51,51,39,39,35,56,56,52,43,49,39,43,28,29,23,25,25,
32,28,25,23,48,65,67,66,77,30,25,25,25,25,24,24,24,18,27,27,49,24,24,13,31,31,
31,0,39,25,39,18,18,0,0,0,14,0,0,0,10,10,10,0,10,0,10,0,22,22,22,33,71,7,22,20,
21,7,15,7,14,0,0,0,0,0,14,0,14,14,16,0,26,0,0,0,0,-12,0,0,17,11,11,11,86,79,76,
74,76,76,76,80,84,77,73,73,91,91,115,72,133,63,59,0,145,0,77,0]} 1. Nf3 g6 2.
d4 Bg7 3. g3 c5 4. d5 b5 5. Bg2 d6 6. O-O Nf6 7. Re1 O-O {A43: Schmid Benoni.}
8. e4 Bg4 9. Nbd2 {[#]} Nbd7 $146 {White is slightly better.} ({Predecessor:} 
9... Qd7 10. a4 Rc8 11. axb5 Qxb5 12. h3 Bd7 13. Bf1 Qb7 14. Nc4 Bb5 15. c3
Nbd7 {1-0 (71) Lyth,J (1953)-Kildea,R (1680) England 2018}) 10. h3 Bxf3 11.
Nxf3 Ne8 12. c3 Rb8 13. h4 h5 14. Bf4 b4 15. e5 (15. Rc1 {keeps more tension.}
bxc3 16. bxc3 Ne5 17. Qc2 Nxf3+ 18. Bxf3 Qd7 19. Be2) 15... bxc3 16. bxc3 dxe5
17. Nxe5 Nxe5 18. Bxe5 Bxe5 19. Rxe5 Nf6 20. Qc2 Rb6 21. Rae1 Re8 22. Qa4 Qb8
23. Bf3 Rb1 24. Kg2 Rxe1 25. Rxe1 Kf8 26. Re2 Rd8 27. c4 Rd6 28. Qa3 Qc7 29.
Qe3 Ng8 30. Qf4 Qd8 31. Qe3 (31. Re6 {feels hotter.} Qd7 32. Re3 Ra6 33. Qb8+
Kg7 34. Qe5+) 31... Qc8 32. Be4 Rb6 33. a3 Qc7 34. Bf3 Qd6 35. Be4 Kg7 36. Bf3
Rb7 37. Qc3+ Nf6 38. Qa5 Kf8 39. Qc3 Kg8 40. Qa5 Ne8 41. Qc3 Rc7 42. Rb2 Qd8
43. Be2 Qc8 44. Bd3 ({White should play} 44. Qe3 $16) 44... Nd6 45. Re2 Rb7 46.
Re3 Qg4 (46... Qc7 {keeps more tension.} 47. Qc2 Kg7 48. Qe2 Qd7 49. Qe1 Ne8)
47. Rf3 Qd7 48. Bc2 (48. Qc2 {is more complex.} Kg7 49. Qc1 Ne8 50. Re3 Kg8 51.
Qc2) 48... Qd8 49. Re3 (49. Qe1 {looks sharper.} Qb6 50. Rb3 Qc7 51. Rc3 Qd8
52. Qe3) 49... Qb6 50. Bd3 Qd8 51. Re2 Qf8 52. Qa5 Qc8 53. Qc3 Qg4 {With the
idea ...Nf5.} (53... Qf8 {feels hotter.}) 54. Rb2 (54. Re1 {seems wilder.} Qd7
55. Qa5 Qc8 56. a4 Rb3 57. Re3) 54... Qd4 55. Qxd4 cxd4 $11 {[%mdl 4096]
Endgame KRB-KRN} 56. Rb4 {Strongly threatening c5.} Rc7 57. Ra4 Kf8 58. Kf3 Ke8
59. Kf4 a5 (59... Kd8 $11 {remains equal.}) 60. Rxa5 $16 {And now c5 would win.
} Nxc4 61. Ra8+ Kd7 62. Ke4 Nd6+ 63. Kxd4 Rb7 64. a4 Rb2 65. Ra7+ Kd8 66. Ke3
Nc8 67. Ra6 Nb6 {[#]} (67... Ra2 $142) 68. Kd4 (68. d6 $1 $16 exd6 69. a5 Nd5+
70. Kd4) 68... Nc8 $1 $14 69. Ke3 (69. Ra8 $14 Kc7 70. Ke3) 69... Nb6 $16 {[#]}
70. Kd4 (70. d6 $142 $1 {aiming for Bb5.} exd6 71. a5 Nd5+ 72. Kd4) 70... Nc8
$1 71. Ke3 {Weighted Error Value: White=0.09/Black=0.10} (71. Rc6 $16) 1/2-1/2

[Event "EICC 2021"]
[Site "Reykjavik"]
[Date "2021.09.03"]
[Round "9.32"]
[White "Dragnev, Valentin"]
[Black "Grigorian, Spartak"]
[Result "0-1"]
[WhiteElo "2557"]
[BlackElo "2448"]
[Annotator "ChessBase"]
[PlyCount "109"]
[EventDate "2021.08.26"]
[EventType "swiss"]
[EventCountry "ISL"]
[Tiebreak "Cut1 Buchholz"]
[SourceTitle "playchess.com"]
[Source "ChessBase"]
[SourceQuality "1"]
[TimeControl "40/5400+30:1800+30"]

1. e4 {[%emt 0:00:07]} c5 {[%emt 0:00:06]} 2. Nf3 {[%emt 0:00:05]} d6 {[%emt 0:
00:04]} 3. d4 {[%emt 0:00:09]} cxd4 {[%emt 0:00:04]} 4. Nxd4 {[%emt 0:00:05]}
Nf6 {[%emt 0:00:03]} 5. Nc3 {[%emt 0:00:08]} a6 {[%emt 0:00:02]} 6. Bd3 {
[%emt 0:00:06]} e5 {[%emt 0:11:06]} 7. Nde2 {[%emt 0:00:26]} Be7 {[%emt 0:03:
34]} 8. O-O {[%emt 0:00:18]} b5 {[%emt 0:03:47]} 9. a4 {[%emt 0:15:08]} b4 {
[%emt 0:00:56]} 10. Nd5 {[%emt 0:00:20]} Nxd5 {[%emt 0:01:38]} 11. exd5 {
[%emt 0:00:05]} O-O {[%emt 0:04:36]} 12. Bd2 {[%emt 0:01:36]} a5 {[%emt 0:01:
39]} 13. c3 {[%emt 0:00:21]} bxc3 {[%emt 0:17:36]} 14. Nxc3 {[%emt 0:00:36]} f5
{[%emt 0:04:37]} 15. Rc1 {[%emt 0:02:50]} Na6 {[%emt 0:02:56]} 16. f4 {[%emt 0:
11:59]} Nc5 {[%emt 0:06:51]} 17. Bc4 {[%emt 0:02:59]} Ba6 {[%emt 0:06:52]} 18.
Nb5 {[%emt 0:15:15]} Ne4 {[%emt 0:02:42]} 19. Kh1 {[%emt 0:08:51]} Bf6 {
[%emt 0:01:37]} 20. Rc2 {[%emt 0:02:58]} Qb6 {[%emt 0:14:38]} 21. Qe1 {[%emt 0:
08:21]} Nxd2 {[%emt 0:00:02]} 22. Qxd2 {[%emt 0:00:24]} exf4 {[%emt 0:01:02]}
23. Na3 {[%emt 0:06:29]} Rac8 {[%emt 0:07:26]} 24. Bxa6 {[%emt 0:01:37]} Qxa6 {
[%emt 0:00:47]} 25. Nb5 {[%emt 0:00:29]} Be5 {[%emt 0:01:40]} 26. Rfc1 {
[%emt 0:04:25]} Rxc2 {[%emt 0:00:22]} 27. Rxc2 {[%emt 0:00:15]} Qb6 {[%emt 0:
01:45]} 28. b3 {[%emt 0:00:54]} Re8 {[%emt 0:02:43]} 29. Nc7 {[%emt 0:01:09]}
Rc8 {[%emt 0:01:26]} 30. Ne6 {[%emt 0:02:32]} Rb8 {[%emt 0:00:04]} 31. Qc1 {
[%emt 0:05:09]} Qxb3 {[%emt 0:01:11]} 32. Ng5 {[%emt 0:00:40]} Qb7 {[%emt 0:01:
20]} 33. h4 {[%emt 0:00:40]} h6 {[%emt 0:00:24]} 34. Rc7 {[%emt 0:00:37]} Qa8 {
[%emt 0:00:56]} 35. Ne6 {[%emt 0:00:28]} Re8 {[%emt 0:00:36]} 36. Rc6 {[%emt 0:
02:19]} Qa7 {[%emt 0:00:33]} 37. Rc8 {[%emt 0:00:29]} Qd7 {[%emt 0:00:26]} 38.
Rxe8+ {[%emt 0:04:27]} Qxe8 {[%emt 0:00:00]} 39. Qc6 {[%emt 0:00:07]} Qe7 {
[%emt 0:01:17]} 40. Qc8+ {[%emt 0:00:25]} Kf7 {[%emt 0:00:24]} 41. Kg1 {
[%emt 0:11:29]} g5 {[%emt 0:14:39]} 42. h5 {[%emt 0:02:34]} g4 {[%emt 0:00:27]}
43. Kf1 {[%emt 0:08:25]} f3 {[%emt 0:04:01]} 44. gxf3 {[%emt 0:01:13]} gxf3 {
[%emt 0:00:16]} 45. Qa8 {[%emt 0:04:36]} Bc3 {[%emt 0:01:23]} 46. Qb8 {[%emt 0:
00:27]} Bg7 {[%emt 0:01:33]} 47. Qb3 {[%emt 0:06:51]} Qf6 {[%emt 0:03:23]} 48.
Qb7+ {[%emt 0:01:00]} Kg8 {[%emt 0:00:16]} 49. Nxg7 {[%emt 0:00:35]} Qe5 {
[%emt 0:01:42]} 50. Qc8+ {[%emt 0:01:14]} Kxg7 {[%emt 0:00:30]} 51. Kf2 {
[%emt 0:00:39]} Qe2+ {[%emt 0:03:22]} 52. Kg3 {[%emt 0:00:02]} Qg2+ {[%emt 0:
01:24]} 53. Kf4 {[%emt 0:00:01]} Qg4+ {[%emt 0:00:10]} 54. Ke3 {[%emt 0:00:04]}
f4+ {[%emt 0:00:03]} 55. Kd4 {[%emt 0:00:13]} 0-1

[Event "EICC 2021"]
[Site "Reykjavik"]
[Date "2021.09.03"]
[Round "9.33"]
[White "Kulaots, Kaido"]
[Black "Petkov, Momchil"]
[Result "0-1"]
[WhiteElo "2548"]
[BlackElo "2443"]
[Annotator "ChessBase"]
[PlyCount "88"]
[EventDate "2021.08.26"]
[EventType "swiss"]
[EventCountry "ISL"]
[Tiebreak "Cut1 Buchholz"]
[SourceTitle "playchess.com"]
[Source "ChessBase"]
[SourceQuality "1"]
[TimeControl "40/5400+30:1800+30"]

1. e4 {[%emt 0:00:46]} c5 {[%emt 0:00:06]} 2. Nf3 {[%emt 0:00:17]} d6 {[%emt 0:
00:09]} 3. d4 {[%emt 0:00:38]} cxd4 {[%emt 0:00:10]} 4. Nxd4 {[%emt 0:00:04]}
Nf6 {[%emt 0:00:11]} 5. Nc3 {[%emt 0:00:09]} a6 {[%emt 0:00:09]} 6. Be3 {
[%emt 0:00:37]} e5 {[%emt 0:00:26]} 7. Nb3 {[%emt 0:00:10]} Be7 {[%emt 0:00:18]
} 8. f3 {[%emt 0:01:42]} Be6 {[%emt 0:00:21]} 9. Qd2 {[%emt 0:00:13]} h5 {
[%emt 0:00:21]} 10. Nd5 {[%emt 0:05:44]} Nxd5 {[%emt 0:00:48]} 11. exd5 {
[%emt 0:00:12]} Bf5 {[%emt 0:00:06]} 12. Be2 {[%emt 0:05:58]} a5 {[%emt 0:00:
19]} 13. a4 {[%emt 0:02:13]} O-O {[%emt 0:06:00]} 14. O-O {[%emt 0:00:17]} Nd7
{[%emt 0:01:45]} 15. f4 {[%emt 0:08:08]} exf4 {[%emt 0:00:30]} 16. Bxf4 {
[%emt 0:04:24]} Rc8 {[%emt 0:08:56]} 17. Nd4 {[%emt 0:20:25]} Bg6 {[%emt 0:02:
42]} 18. Kh1 {[%emt 0:01:08]} Nc5 {[%emt 0:22:52]} 19. Bb5 {[%emt 0:14:08]} Bf6
{[%emt 0:06:01]} 20. Rae1 {[%emt 0:05:09]} h4 {[%emt 0:03:49]} 21. Re3 {
[%emt 0:10:05]} Ne4 {[%emt 0:09:41]} 22. Qd1 {[%emt 0:00:43]} Rc5 {[%emt 0:03:
24]} 23. c3 {[%emt 0:08:17]} Rxd5 {[%emt 0:08:20]} 24. Qe2 {[%emt 0:07:58]}
Bxd4 {[%emt 0:04:54]} 25. Rxe4 {[%emt 0:00:05]} Be5 {[%emt 0:01:56]} 26. Re3 {
[%emt 0:00:27]} Bxf4 {[%emt 0:00:45]} 27. Rxf4 {[%emt 0:00:02]} Qg5 {[%emt 0:
02:22]} 28. Rf1 {[%emt 0:01:46]} Re5 {[%emt 0:01:07]} 29. Re1 {[%emt 0:00:27]}
f6 {[%emt 0:04:01]} 30. Qf3 {[%emt 0:00:38]} b6 {[%emt 0:03:23]} 31. Kg1 {
[%emt 0:00:09]} Kh7 {[%emt 0:00:43]} 32. Qf2 {[%emt 0:00:20]} Bf5 {[%emt 0:04:
12]} 33. Rxe5 {[%emt 0:00:37]} fxe5 {[%emt 0:00:14]} 34. Qxb6 {[%emt 0:01:27]}
Be4 {[%emt 0:00:22]} 35. g3 {[%emt 0:01:19]} Qd2 {[%emt 0:01:29]} 36. Rxe4 {
[%emt 0:00:19]} Qd1+ {[%emt 0:00:04]} 37. Kg2 {[%emt 0:00:23]} Qf3+ {[%emt 0:
00:08]} 38. Kh3 {[%emt 0:00:28]} Qxe4 {[%emt 0:00:11]} 39. Qxd6 {[%emt 0:00:07]
} Qf5+ {[%emt 0:00:57]} 40. g4 {[%emt 0:01:17]} Qf3+ {[%emt 0:01:28]} 41. Kxh4
{[%emt 0:30:02]} g5+ {[%emt 0:30:44]} 42. Kh5 {[%emt 0:00:34]} Qf7+ {[%emt 0:
00:14]} 43. Kxg5 {[%emt 0:00:05]} Rg8+ {[%emt 0:00:42]} 44. Kh4 {[%emt 0:00:11]
} Qf2+ {[%emt 0:00:04]} 0-1